LEADER 00601nab a2200157 i 4500 001 000000265655 003 CaOOAMICUS 005 20180831164721.0 008 180831n xx uu u0 0und r 013 $a8836 040 $aSeMil$bita 245 10$a[vedi periodico]. 500 $a2002/2. 773 0 $aHickey, Bernard J.$tSaggi sulla Letteratura e le Civiltà del Commonwealth.$dLecce : Manni, 2002 (copyr. 2003)$w()157489 774 0 $aStrazzeri, Marcello$tFigurazioni cronotopiche della transizione nel "Gattopardo" di Tomasi di Lampedusa.$w()305205 996 $6245$a[vedi periodico]$9(OLS)http://semarc/title/309439 LEADER 00937nas a2200253 i 4500 001 000000239830 003 CaOOAMICUS 005 20160226000000.0 008 150319b2015 xxuuu u0 0eng r 013 $a218735 040 $aSeMil$bita 245 10$a[2015]. 260 $a[U.S.A.] :$bThe American Catholic Philosophical Association,$ccopyr. 2015. 300 $a756 p. ;$c23 cm. 500 $aArticoli con sintesi in inglese [Abstract] in testa. 774 0 $tWinter.$w()285423 774 0 $tSpring.$w()287620 774 0 $tDouble Effect. - Titolo principale dalla copertina.$w()287990 774 0 $tFall.$w()288461 850 $aSeMil 852 $aSeMil$W1$xVenegono$y1$m7 3 28$j190176$B190176$CSeMilBibl$Z2$F209561 $85 961 $aCambio: Scuola Cattolica 996 $6245$a[2015]$9(OLS)http://semarc/title/339065 996 $6260$a[U.S.A.] :$bThe American Catholic Philosophical Association$9(OLS)http://semarc/publisher/30384